000 00216 a2200097 4500
001 47933
100 _aBamboraugh
245 _aTreasures of Islam
260 _aG Britian
_bPhilip Bambrough
_c
090 _c30928
_d30928
942 _aNUST-CAE
_cM
_c23256
999 _c283006
_d283006